Statistics for Контурите на държавите в света

Click here to take the quiz!

General Stats

  • This quiz has been taken 59 times
  • The average score is 40 of 196

Answer Stats

Answer% Correct
САЩ
98%
Канада
94%
Япония
91%
Австралия
91%
Гърция
87%
Италия
85%
Китай
85%
Франция
85%
Норвегия
85%
Великобритания
79%
Русия
74%
Чили
74%
Индия
74%
Германия
70%
Индонезия
68%
Исландия
66%
Кипър
64%
Мексико
62%
Турция
62%
Испания
60%
Хърватия
60%
Португалия
57%
Филипини
55%
Виетнам
55%
България
55%
Австрия
53%
Дания
51%
Нова Зеландия
51%
Тайланд
45%
Украйна
43%
Куба
40%
Бразилия
38%
Швеция
38%
Сомалия
38%
Аржентина
36%
Египет
36%
Швейцария
36%
Казахстан
34%
Бангладеш
30%
Монголия
30%
Мароко
30%
Малайзия
28%
Румъния
26%
Мианмар
26%
Финландия
26%
Пакистан
26%
Узбекистан
23%
ЮАР
23%
Унгария
23%
Косово
23%
Мадагаскар
23%
Нидерландия
23%
Иран
21%
Чехия
21%
Тайван
21%
Ирландия
21%
Естония
21%
Северна Корея
21%
Лаос
21%
Малдиви
21%
Малта
21%
Мавритания
19%
Мали
19%
Южна Корея
19%
Шри Ланка
19%
Азербайджан
19%
Сърбия
19%
Беларус
19%
Латвия
19%
Полша
19%
Албания
19%
Непал
17%
Папуа Нова Гвинея
17%
Панама
17%
Судан
17%
Босна и Херцеговина
17%
Перу
17%
Израел
17%
Молдова
15%
Ангола
15%
ДР Конго
15%
Намибия
15%
Белгия
15%
Етиопия
15%
Мозамбик
15%
Либия
15%
Сенегал
13%
Северна Македония
13%
Венецуела
13%
Словакия
13%
Сирия
13%
Йордания
13%
Йемен
11%
Грузия
11%
Бенин
11%
Словения
11%
Хаити
11%
ОАЕ
11%
Чад
11%
Гамбия
11%
Ирак
11%
Того
11%
Ватикана
11%
Алжир
11%
Монако
11%
Тунис
11%
Оман
9%
Афганистан
9%
Туркменистан
9%
Камерун
9%
Еритрея
9%
Замбия
9%
Малави
6%
Южен Судан
6%
Литва
6%
Лихтенщайн
6%
Габон
6%
Кот д'Ивоар
6%
Бахами
6%
Науру
6%
Еквадор
6%
Черна гора
6%
Източен Тимор
6%
Киргизстан
6%
Армения
6%
Камбоджа
6%
Люксембург
6%
Таджикистан
6%
Либерия
6%
Фиджи
6%
Ливан
6%
Кения
4%
Сан Марино
4%
Андора
4%
Суринам
4%
Руанда
4%
Ботсвана
4%
Нигер
4%
Уганда
4%
Тринидад и Тобаго
4%
Саудитска Арабия
4%
Сиера Леоне
4%
Уругвай
4%
Зимбабве
4%
Танзания
4%
Гана
4%
Доминика
4%
Нигерия
4%
Соломонови острови
4%
Екваториална Гвинея
4%
Доминиканска република
4%
Самоа
4%
Есватини
4%
Бахрейн
4%
Коста Рика
4%
Сейнт Китс и Невис
4%
Гвинея
4%
Сингапур
4%
Комори
4%
Антигуа и Барбуда
4%
Сейшели
4%
Кувейт
4%
Бруней
4%
Хондурас
4%
Конго
4%
Ямайка
4%
ЦАР
4%
Гренада
4%
Кабо Верде
4%
Боливия
4%
Буркина Фасо
4%
Катар
4%
Бурунди
4%
Салвадор
4%
Сейнт Лусия
4%
Никарагуа
4%
Белиз
4%
Парагвай
4%
Колумбия
4%
Джибути
4%
Гаяна
4%
Гватемала
4%
Гвинея Бисау
4%
Вануату
2%
Барбадос
2%
Тонга
2%
Тувалу
2%
Микронезия
2%
Палау
2%
Кирибати
2%
Сейнт Винсънт и Гренадини
2%
Бутан
2%
Мавриций
2%
Лесото
2%
Сао Томе и Принсипи
2%
Маршали
2%

Score Distribution

Percentile by Number Answered

Percent of People with Each Score

Your Score History

You have not taken this quiz